[Event "Catalunya-chT GpA final"]
[Site "Barcelona"]
[Date "2019.03.30"]
[Round "3.9"]
[White "Vicente Bessen, Kirian"]
[Black "Gonzalez Martin, Fernando"]
[Result "0-1"]
[WhiteElo "1895"]
[BlackElo "1804"]
[PlyCount "96"]
[EventDate "2019.03.16"]
[EventType "team-tourn"]
[EventRounds "3"]
[EventCountry "ESP"]
[SourceTitle "CBM 189 Extra"]
[Source "ChessBase"]
[SourceDate "2019.05.31"]
[SourceVersion "1"]
[SourceVersionDate "2019.05.31"]
[SourceQuality "1"]
[WhiteTeam "Mollet"]
[BlackTeam "Barcelona Escacs CC"]
[WhiteTeamCountry "ESP"]
[BlackTeamCountry "ESP"]

1. d4 Nf6 2. Nf3 g6 3. Bf4 Bg7 4. e3 0-0 5. Bd3 c5 6. c3 cxd4 7. exd4 b6 8. Nbd2 Bb7 9. Qe2 d6 10. 0-0 Nbd7 11. Rfe1 Re8 12. Bg3 a6 13. h3 h6 14. Qd1 b5 15. a4 bxa4 16. Qxa4 Nb6 17. Qa5 Kf8 18. Qb4 Nfd7 19. Re2 Kg8 20. Rae1 Nf6 21. Ne4 Nxe4 22. Bxe4 a5 23. Qb3 Bxe4 24. Rxe4 Qc7 25. Nd2 e6 26. Qa3 Bf8 27. Qa2 Qd7 28. Nc4 Nxc4 29. Qxc4 d5 30. Qd3 dxe4 31. Rxe4 Bg7 32. h4 h5 33. Bf4 Rad8 34. Qe3 f5 35. Re5 Bxe5 36. Bxe5 Kh7 37. f3 Qe7 38. Qf4 Rd5 39. g3 Rc8 40. g4 Qxh4 41. Qe3 hxg4 42. fxg4 Qxg4+ 43. Kf1 Qd1+ 44. Kf2 Qc2+ 45. Kg1 Rxe5 46. Qxe5 Qb3 47. Kf2 Qxb2+ 48. Kg3 Qb8 0-1

[Event "Barcelona La Lira op 36th"]
[Site "Barcelona"]
[Date "2018.03.02"]
[Round "7.9"]
[White "Gonzalez Martin, Fernando"]
[Black "Nadal Fajardo, Ricard"]
[Result "1/2-1/2"]
[WhiteElo "1821"]
[BlackElo "1926"]
[PlyCount "81"]
[EventDate "2018.01.19"]
[EventType "swiss"]
[EventRounds "8"]
[EventCountry "ESP"]
[SourceTitle "EXT 2024"]
[Source "ChessBase"]
[SourceDate "2023.10.10"]
[SourceVersion "1"]
[SourceVersionDate "2023.10.10"]
[SourceQuality "1"]

1. d4 Nf6 2. Nf3 c6 3. c4 d5 4. Qc2 g6 5. g3 Bg7 6. Bg2 0-0 7. 0-0 Bf5 8. Qb3 Qb6 9. Qxb6 axb6 10. Nbd2 dxc4 11. Nxc4 b5 12. Ne3 Be4 13. Bd2 Na6 14. Ne1 Bxg2 15. N3xg2 Ne4 16. Be3 Nb4 17. f3 Nd6 18. a3 Nf5 19. Rd1 Nxe3 20. Nxe3 Na6 21. N3c2 Rad8 22. f4 Nc5 23. Nf3 Ne4 24. e3 f6 25. Nb4 e6 26. Nd3 Rd6 27. Nd2 Nxd2 28. Rxd2 e5 29. fxe5 fxe5 30. Rxf8+ Kxf8 31. dxe5 Rd5 32. Kf1 Ke8 33. Ke2 b6 34. Rc2 c5 35. Rd2 Ke7 36. Rc2 Bxe5 37. Nxe5 Rxe5 38. Rd2 Re6 39. Kf3 Rf6+ 40. Ke4 Re6+ 41. Kf3 1/2-1/2

[Event "Barcelona La Lira op 36th"]
[Site "Barcelona"]
[Date "2018.01.19"]
[Round "1.16"]
[White "Gonzalez Martin, Fernando"]
[Black "Aubeso Duch, Miquel"]
[Result "1-0"]
[WhiteElo "1821"]
[BlackElo "1331"]
[PlyCount "37"]
[EventDate "2018.01.19"]
[EventType "swiss"]
[EventRounds "8"]
[EventCountry "ESP"]
[SourceTitle "EXT 2024"]
[Source "ChessBase"]
[SourceDate "2023.10.10"]
[SourceVersion "1"]
[SourceVersionDate "2023.10.10"]
[SourceQuality "1"]

1. d4 d5 2. c4 c6 3. Nf3 dxc4 4. a4 b5 5. g3 Nf6 6. Bg2 Qd5 7. Nc3 Qd8 8. axb5 Bb7 9. Ne5 Qc7 10. bxc6 Bxc6 11. Nxc6 Nxc6 12. Qa4 0-0-0 13. Bxc6 e6 14. Qa6+ Kb8 15. Ra5 Qb6 16. Rb5 Kc7 17. Rxb6 axb6 18. Qb7+ Kd6 19. Nb5# 1-0

[Event "Barcelona Gotic op 1st"]
[Site "Barcelona"]
[Date "2017.06.06"]
[Round "7"]
[White "Gonzalez Martin, Fernando"]
[Black "Vetrugno, Marco"]
[Result "1-0"]
[WhiteElo "1822"]
[BlackElo "1744"]
[PlyCount "33"]
[EventDate "2017.04.25"]
[EventType "swiss"]
[EventRounds "9"]
[EventCountry "ESP"]
[SourceTitle "EXT 2018"]
[Source "ChessBase"]
[SourceDate "2017.10.13"]
[SourceVersion "1"]
[SourceVersionDate "2017.10.13"]
[SourceQuality "1"]

1. d4 e6 2. c4 f5 3. g3 Nc6 4. Bg2 Nf6 5. Nf3 b6 6. 0-0 Bb7 7. Nc3 Bb4 8. d5 Ne7 9. dxe6 dxe6 10. Qa4+ Nc6 11. Ne5 Bxc3 12. Bxc6+ Kf8 13. bxc3 Bxc6 14. Qxc6 Ne4 15. Ba3+ Nd6 16. Rad1 Qg5 17. Qxa8+ 1-0

[Event "Barcelona Gotic op 1st"]
[Site "Barcelona"]
[Date "2017.05.09"]
[Round "3"]
[White "Munoz Pantoja, Miguel Angel"]
[Black "Gonzalez Martin, Fernando"]
[Result "1-0"]
[WhiteElo "2500"]
[BlackElo "1822"]
[PlyCount "55"]
[EventDate "2017.04.25"]
[EventType "swiss"]
[EventRounds "9"]
[EventCountry "ESP"]
[SourceTitle "EXT 2018"]
[Source "ChessBase"]
[SourceDate "2017.10.13"]
[SourceVersion "1"]
[SourceVersionDate "2017.10.13"]
[SourceQuality "1"]

1. e4 e5 2. d4 exd4 3. Qxd4 Nc6 4. Qe3 Nf6 5. Bd2 d6 6. c4 g6 7. Nc3 Bg7 8. 0-0-0 0-0 9. f3 a5 10. Nh3 Ne5 11. b3 a4 12. Nf4 Bd7 13. bxa4 Bh6 14. g4 Bg7 15. h4 Bc6 16. h5 g5 17. Nfe2 h6 18. Nd4 Bd7 19. Nf5 Bxf5 20. gxf5 Ned7 21. Bd3 Nc5 22. Bc2 Nfd7 23. f4 f6 24. Nb5 Nb6 25. Bc3 Qe7 26. Qd4 Na6 27. Ba5 Nc8 28. Qd5+ 1-0

[Event "Foment Martinenc op-B 17th"]
[Site "Barcelona"]
[Date "2015.04.25"]
[Round "1"]
[White "Gonzalez Martin, Fernando"]
[Black "Martinez Aguero, Francisco"]
[Result "1-0"]
[WhiteElo "1965"]
[BlackElo "1842"]
[PlyCount "39"]
[EventDate "2015.04.25"]
[EventType "swiss"]
[EventRounds "9"]
[EventCountry "ESP"]
[SourceTitle "EXT 2017"]
[Source "ChessBase"]
[SourceDate "2016.10.25"]
[SourceVersion "1"]
[SourceVersionDate "2016.10.25"]
[SourceQuality "1"]

1. d4 e6 2. c4 d5 3. g3 Nf6 4. Nf3 b6 5. Bg2 Bb7 6. 0-0 g6 7. Bg5 Bg7 8. Nc3 c6 9. Ne5 h6 10. Bf4 Nh5 11. Be3 Nd7 12. cxd5 Nxe5 13. dxe5 cxd5 14. Qa4+ Qd7 15. Qxd7+ Kxd7 16. g4 Bxe5 17. gxh5 gxh5 18. Rfd1 Rag8 19. Bd4 Rg4 20. Bxe5 1-0

[Event "Barcelona Tardor op 2nd"]
[Site "Barcelona"]
[Date "2014.11.10"]
[Round "6"]
[White "Massot, Michel"]
[Black "Gonzalez Martin, Fernando"]
[Result "1-0"]
[WhiteElo "1800"]
[BlackElo "2017"]
[PlyCount "121"]
[EventDate "2014.10.06"]
[EventType "swiss"]
[EventRounds "8"]
[EventCountry "ESP"]
[SourceTitle "EXT 2016"]
[Source "ChessBase"]
[SourceDate "2015.10.08"]
[SourceVersion "1"]
[SourceVersionDate "2015.10.08"]
[SourceQuality "1"]

1. d4 Nf6 2. c4 g6 3. Nc3 d5 4. Nf3 Bg7 5. Bf4 c6 6. e3 0-0 7. Bd3 dxc4 8. Bxc4 Nbd7 9. h3 Nb6 10. Bb3 a5 11. Rc1 Nfd5 12. Nxd5 Nxd5 13. Be5 f6 14. Bh2 a4 15. Bc4 b5 16. Bd3 Bb7 17. 0-0 Kh8 18. Re1 a3 19. b3 b4 20. Qc2 Qe8 21. Nd2 Nc3 22. Ne4 Nd5 23. Nc5 Bc8 24. Na4 Rxa4 25. bxa4 Nc3 26. Qb3 e5 27. Qxb4 Nxa2 28. Qxa3 Nxc1 29. Qxc1 Qd7 30. Qc5 Rd8 31. Bc4 Bf8 32. Qb6 exd4 33. Rd1 c5 34. Qxf6+ Bg7 35. Be5 Bxf6 36. Bxf6+ Qg7 37. Bxg7+ Kxg7 38. exd4 cxd4 39. Kf1 Kf6 40. Ke2 Ke5 41. a5 Bb7 42. g3 g5 43. Rb1 d3+ 44. Bxd3 Ba8 45. a6 Rf8 46. Rb4 h5 47. h4 g4 48. Bg6 Bf3+ 49. Ke3 Rc8 50. Rb5+ Kf6 51. Bxh5 Rc3+ 52. Kd2 Ra3 53. Rb6+ Ke5 54. Bf7 Kd4 55. h5 Rd3+ 56. Kc2 Bd1+ 57. Kb2 Kc5 58. Rb8 Rd7 59. Be6 Ra7 60. h6 Rxa6 61. h7 1-0

[Event "Barcelona Barri Gotic op 3rd"]
[Site "Barcelona"]
[Date "2014.04.14"]
[Round "2"]
[White "Gonzalez Martin, Fernando"]
[Black "Vigo Allepuz, David"]
[Result "0-1"]
[WhiteElo "2059"]
[BlackElo "2216"]
[PlyCount "72"]
[EventDate "2014.04.07"]
[EventType "swiss"]
[EventRounds "8"]
[EventCountry "ESP"]
[SourceTitle "CBM 160 Extra"]
[Source "ChessBase"]
[SourceDate "2014.07.01"]
[SourceVersion "1"]
[SourceVersionDate "2014.07.01"]
[SourceQuality "1"]

1. d4 e6 2. c4 f5 3. Nf3 Nf6 4. g3 d5 5. Bg2 c6 6. Qc2 Bd6 7. Bf4 0-0 8. Nbd2 Ne4 9. 0-0 Nd7 10. Bxd6 Nxd6 11. Ne5 Qf6 12. f4 g5 13. e3 Kh8 14. c5 Nf7 15. Ndf3 gxf4 16. exf4 Ndxe5 17. dxe5 Qe7 18. b4 Bd7 19. Qc3 Nh6 20. a4 Be8 21. Rab1 Rc8 22. Rfc1 Bh5 23. b5 Bxf3 24. Bxf3 Ng8 25. Be2 Rfd8 26. Rb4 b6 27. bxc6 Rxc6 28. Rb5 Rdc8 29. Qb2 Rxc5 30. Rbxc5 Rxc5 31. Bb5 Qc7 32. Rxc5 bxc5 33. Qe2 c4 34. Qh5 a6 35. Be8 c3 36. Bf7 c2 0-1

[Event "Barcelona U2000 op"]
[Site "Barcelona"]
[Date "2013.06.24"]
[Round "6.1"]
[White "Gonzalez Martin, Fernando"]
[Black "Cervello Tost, Roger"]
[Result "1-0"]
[WhiteElo "1932"]
[BlackElo "1951"]
[PlyCount "111"]
[EventDate "2013.06.22"]
[EventType "swiss"]
[EventRounds "7"]
[EventCountry "ESP"]
[SourceTitle "EXT 2024"]
[Source "ChessBase"]
[SourceDate "2023.10.10"]
[SourceVersion "1"]
[SourceVersionDate "2023.10.10"]
[SourceQuality "1"]

1. d4 d5 2. c4 e6 3. g3 Nf6 4. Nf3 c6 5. Bg2 Nbd7 6. Qc2 Be7 7. 0-0 0-0 8. b3 b6 9. Bb2 Bb7 10. Nc3 Qc7 11. Rac1 Rac8 12. Rfd1 a6 13. e4 Nxe4 14. Nxe4 dxe4 15. Qxe4 Nf6 16. Qe5 Nd7 17. Qxc7 Rxc7 18. d5 cxd5 19. cxd5 Rxc1 20. Rxc1 Bxd5 21. Rc7 Bf6 22. Ba3 Rd8 23. Nd2 Bxg2 24. Kxg2 Be5 25. Ra7 Nb8 26. Nc4 Bd4 27. Ra8 Bc5 28. Bxc5 bxc5 29. Na5 Kf8 30. Nb7 Rc8 31. Nxc5 Rxc5 32. Rxb8+ Ke7 33. Rb7+ Kf6 34. a4 a5 35. h4 h5 36. Kf3 Rd5 37. Ke4 Re5+ 38. Kd3 Rf5 39. f4 Rd5+ 40. Ke4 g6 41. Rb5 Rxb5 42. axb5 Ke7 43. b6 Kd6 44. b7 f5+ 45. Kd4 Kc7 46. b8Q+ Kxb8 47. Ke5 Kc7 48. Kf6 Kd6 49. Kxg6 Kc5 50. Kxh5 Kb4 51. Kg5 Kxb3 52. h5 e5 53. h6 e4 54. h7 e3 55. h8Q Kc2 56. Qe5 1-0

[Event "Barcelona U2000 op"]
[Site "Barcelona"]
[Date "2013.06.24"]
[Round "7.2"]
[White "Romero Gamez, Francisco Javier"]
[Black "Gonzalez Martin, Fernando"]
[Result "1/2-1/2"]
[WhiteElo "1696"]
[BlackElo "1932"]
[PlyCount "100"]
[EventDate "2013.06.22"]
[EventType "swiss"]
[EventRounds "7"]
[EventCountry "ESP"]
[SourceTitle "EXT 2024"]
[Source "ChessBase"]
[SourceDate "2023.10.10"]
[SourceVersion "1"]
[SourceVersionDate "2023.10.10"]
[SourceQuality "1"]

1. e4 e5 2. Nf3 Nc6 3. Bb5 Nf6 4. d3 d6 5. 0-0 h6 6. Re1 Bd7 7. Nbd2 g6 8. Nf1 Bg7 9. c3 0-0 10. Ng3 a6 11. Ba4 b5 12. Bc2 Qe7 13. h3 Kh7 14. d4 Ng8 15. d5 Nd8 16. Nh2 c6 17. Ng4 cxd5 18. exd5 f5 19. Nh2 Nf6 20. a4 Nb7 21. b4 Qf7 22. axb5 axb5 23. Rxa8 Rxa8 24. Bb3 Qe8 25. Bb2 Nd8 26. Ngf1 Nf7 27. Ne3 Rb8 28. Nc2 Qc8 29. Nf3 f4 30. Rf1 e4 31. Nfd4 Bxh3 32. Ne6 Bxe6 33. dxe6 Ng5 34. Qxd6 f3 35. Ne3 fxg2 36. Nxg2 Ne8 37. Qd7 Qxd7 38. exd7 Nf6 39. Rd1 Rd8 40. c4 bxc4 41. Bxf6 Bxf6 42. Bxc4 Nf3+ 43. Kf1 Ne5 44. Be6 Kg7 45. b5 Rb8 46. Nf4 Bd8 47. Bh3 Kf7 48. Rd5 Nd3 49. Nxd3 exd3 50. Rxd3 Rxb5 1/2-1/2

[Event "Barcelona Sant Marti op-B 14th"]
[Site "Barcelona"]
[Date "2012.07.17"]
[Round "5"]
[White "Gonzalez Martin, Fernando"]
[Black "Dayan Sutton, Isaac"]
[Result "1/2-1/2"]
[WhiteElo "1925"]
[BlackElo "1891"]
[PlyCount "38"]
[EventDate "2012.07.13"]
[EventType "swiss"]
[EventRounds "9"]
[EventCountry "ESP"]
[SourceTitle "CBM 149 Extra"]
[Source "ChessBase"]
[SourceDate "2012.08.24"]
[SourceVersion "1"]
[SourceVersionDate "2012.08.24"]
[SourceQuality "1"]

1. d4 Nf6 2. c4 g6 3. Nf3 Bg7 4. g3 d6 5. Bg2 0-0 6. 0-0 c6 7. Nc3 Nbd7 8. b3 e5 9. Bb2 a5 10. Qd2 exd4 11. Nxd4 Nc5 12. Rac1 a4 13. Rfd1 axb3 14. axb3 Qb6 15. Qc2 Ng4 16. Na4 Nxa4 17. bxa4 c5 18. Nb5 Bxb2 19. Qxb2 Rxa4 1/2-1/2